| 000 | 02864cam a22002895a 4500 | ||
|---|---|---|---|
| 999 |
_c27441 _d27412 |
||
| 001 | 17916900 | ||
| 005 | 20190509100804.0 | ||
| 008 | 131024t2014 mau frb 001 0 eng d | ||
| 010 | _a 2013040761 | ||
| 020 | _a9780124077720 (pbk.) | ||
| 040 |
_aDLC _beng _cDLC _dDLC _dEG-ScBUE |
||
| 082 | 0 | 4 |
_a005.1 _bAGI _222 |
| 245 | 0 | 0 |
_aAgile software architecture : _baligning agile processes and software architectures / _cedited by Muhammad Ali Babar, Alan W. Brown, Ivan Mistrik. |
| 260 |
_aWaltham, MA : _bMorgan Kaufmann / Elsevier, _cc.2014. |
||
| 300 |
_axl, 392 p. ; _c24 cm. |
||
| 504 | _aIncludes bibliographical references and index. | ||
| 505 | 8 | _aMachine generated contents note: Chapter 1: Introduction to ASA ASA: The State-of-the-Art ASA: Industrial/commercial perspective ASA: Current Challenges and Future Directions Part I: Fundamentals of Agile Architecting Chapter 2: The DCI Paradigm: Beyond Class-Oriented Architecture to Object Orientation Chapter 3: Refactoring software architecture Chapter 4: Architecture Decisions: Who, How and When? Part II: Managing Software Architecture in Agile Projects Chapter 5: Combining agile development and variability handling to achieve adaptable software architectures Chapter 6: Agile software architecture knowledge management Chapter 7: Continuous software architecture analysis Chapter 8: Bridging user stories and software architectures: a guidance support for agile architecting Part III: Agile Architecting in Specific Domains Chapter 9: Architecture-centric testing for security: An agile perspective Chapter 10: Multi-tenancy multi-target architectures: Extending multi-tenancy architectures for agile deployment and development Part IV: Industrial Viewpoints on Agile Architecting Chapter 11: Bursting the Agile Bubble Anti-Pattern Chapter 12: Building a Platform for Innovation: Architecture and Agile as Key Enablers Chapter 13: Opportunities, threats and limitations of emergent architecture Chapter 14: Aviva GI: Architecture as a Key Driver for Agile Success. | |
| 520 | _aAgile software development approaches have had significant impact on industrial software development practices. Today, agile software development has penetrated to most IT companies across the globe, with an intention to increase quality, productivity, and profitability. Comprehensive knowledge is needed to understand the architectural challenges involved in adopting and using agile approaches and industrial practices to deal with the development of large, architecturally challenging systems in an agile way. | ||
| 650 | 7 |
_aAgile software development. _2BUEsh |
|
| 650 | 7 |
_aSoftware architecture. _2BUEsh _929417 |
|
| 651 | _2BUEsh | ||
| 653 |
_bCOMSCI _cMay2019 |
||
| 700 | 1 |
_aAli Babar, Muhammad, _eeditor. |
|
| 700 | 1 |
_aBrown, Alan W., _d1962-, _eeditor. |
|
| 700 | 1 |
_aMistrik, Ivan, _eeditor. |
|
| 942 | _2ddc | ||